El Sol (Registro nro. 130297)
[ vista simple ]
| 000 -LEADER | |
|---|---|
| campo de control de longitud fija | 00684nam a2200169 i 4500 |
| 001 - NÚMERO DE CONTROL | |
| campo de control | 130297 |
| 003 - IDENTIFICADOR DE NÚMERO DE CONTROL | |
| campo de control | ES-MaACL |
| 005 - FECHA Y HORA DE LA ÚLTIMA TRANSACCIÓN | |
| campo de control | 20230906193712.0 |
| 007 - CAMPO FIJO DE DESCRIPCIÓN FÍSICA--INFORMACIÓN GENERAL | |
| campo de control de longitud fija | t| |
| 008 - DATOS DE LONGITUD FIJA--INFORMACIÓN GENERAL | |
| campo de control de longitud fija | 070725s1928 sp ||||1| spa d |
| 245 03 - MENCIÓN DEL TÍTULO | |
| Título | El Sol |
| Resto del título | : texto de un número de doce páginas (1 de julio de 1928). |
| 260 ## - PUBLICACIÓN, DISTRIBUCIÓN, ETC. | |
| Lugar de publicación, distribución, etc. | Madrid : |
| Nombre del editor, distribuidor, etc. | [s.n., |
| Fecha de publicación, distribución, etc. | 1928] ( |
| Fabricante | Talleres de Espasa Calpe) |
| 300 ## - DESCRIPCIÓN FÍSICA | |
| Extensión | 390 p., [10] p. de fot. ; |
| Dimensiones | 20 cm. |
| 500 ## - NOTA GENERAL | |
| Nota general | Reproducción textual del número de doce páginas que publicó el diario El Sol el día 1 de julio de 1928, acompañada de un texto sobre el periódico y fotografías de la Redacción. |
| 630 37 - PUNTO DE ACCESO ADICIONAL DE MATERIA--TÍTULO UNIFORME | |
| Título uniforme | El Sol (Madrid, 1917) |
| 9 (RLIN) | 135285 |
| 852 ## - LOCALIZACIÓN | |
| Ubicación | ES-MaACL |
| Número de control de estantería | F-13471 |
| Estatus retirado | Estado de pérdida | Estado de daño | No para préstamo | Biblioteca de origen | Biblioteca actual | Ubicación en estantería | Fecha de adquisición | Fuente de adquisición | Total de préstamos | Signatura topográfica completa | Código de barras | Visto por última vez | Precio de reemplazo | Tipo de ítem Koha |
|---|---|---|---|---|---|---|---|---|---|---|---|---|---|---|
| Biblioteca del Ateneo de Madrid | Biblioteca del Ateneo de Madrid | Sala Pecera Planta 2 | 17/01/2008 | F-13471 | 1135668 | 23/02/2023 | 23/02/2023 | Libro impreso |
